000 00656nam a2200253Ia 4500
003 OSt
005 20221005051802.0
006 a|||||r|||| 00| 0
007 ta
008 221004b |||||||| |||| 00| 0 eng d
024 _a65497
037 _cTextual
040 _aCRL
_cCRL
_beng
041 _2eng
_aeng
082 _aV491.N9, M6
100 _aRoy Olivier
245 0 _aIslam and resistence in Afghanistan
260 _aLondon
_bCambridge
_c1986
300 _a253p.
_ccm.
490 _aLibrary Middle East Library 1986.
650 _aHISTORY
942 _hV491.N9, M6
_cTEXL
_2cc
999 _c959350
_d959350